000 00509nam a2200145Ia 4500
008 100204s9999 xx 000 0 und d
082 _b3622
100 _aदळवी जयवंत
245 _aकशासाठी पोटासाठी
260 _b"मॅजेस्टिक प्रकाशन , मुंबई"
_c1965
300 _a199
630 _aकशासाठी पोटासाठी
730 _aकशासाठी पोटासाठी
942 _cBOOK
999 _c465565
_d465562